Έρως, θέρος, πόλεμος : μυθιστόρημα

Αποθηκεύτηκε σε:
Λεπτομέρειες βιβλιογραφικής εγγραφής
Κύριος συγγραφέας: Φακίνου, Ευγενία, 1945-
Μορφή: Βιβλίο
Γλώσσα:Greek
Δημοσίευση: Αθήνα : Καστανιώτης, 2003.
Έκδοση:27η έκδ.
Θέματα:
Ετικέτες: Προσθήκη ετικέτας
Δεν υπάρχουν, Καταχωρήστε ετικέτα πρώτοι!

MARC

LEADER 00000cam a2200000 i 4500
001 1/59389
008 040823s2003 gr | ||| |||| ||gre||
020 |a 9789605035396  
020 |a 9600334943  
035 |l 10074109 
035 |l 10092658 
040 |a GR-MY-UA  |b gre  |e aacr 
041 0 |a gre 
082 7 |a 889.37   |2 (22) 
082 7 |a 889.3   |2 (22) 
082 7 |a 889.334   |2 (22) 
100 1 |a Φακίνου, Ευγενία,   |d 1945- 
245 1 0 |a Έρως, θέρος, πόλεμος :   |b μυθιστόρημα /   |c Ευγενία Φακίνου.  
250 |a 27η έκδ. 
260 |a Αθήνα :   |b Καστανιώτης,   |c 2003.  
300 |a 427 σ. ;   |c 22 εκ.  
500 |a Το Παράρτημα Λέσβου διαθέτει την 34η έκδ. και 42η έκδ. [ανατύπωση].  
500 |a Το Παράρτημα Λήμνου διαθέτει την ειδική έκδοση της εφημερίδας ΤΟ ΒΗΜΑ.  
500 |a Το Παράρτημα Ρόδου διαθέτει την 8η έκδοση.  
650 0 0 |a Greek fiction. 
650 0 0 |a Greek fiction, Modern. 
650 0 0 |a Historical fiction, Greek (Modern) 
852 |a INST  |b CHIOS  |e 20071129  |h 889.334 ΦΑΚ  |p 005200022139  |q 005200022139  |t BK  |y 0 
852 |a INST  |b LEMNOS  |e 20150611  |h 889.3 ΦΑΚ  |p 005600001475  |q 005600001475  |t BK  |y 0 
852 |a INST  |b LESVOS  |e 20050407  |h 889.37 ΦΑΚ  |p 005100027965  |q 005100027965  |t BK  |y 0 
852 |a INST  |b LESVOS  |e 20230714  |h 889.37 ΦΑΚ  |p 005100064408  |q 005100064408  |t BK  |y 0 
852 |a INST  |b RHODES  |e 20200622  |h 889.3 ΦΑΚ  |p 005400041543  |q 005400041543  |t BK  |y 0 
852 |a INST  |b SAMOS  |e 20040823  |h 889.3 ΦΑΚ  |p 005300023207  |q 005300023207  |t BK  |y 0 
901 |a BIBL3-2004-2 
901 |a BIBL1-2005-1 
901 |a BIBL2-2005-2 
901 |a BIBL2-2005-2 
909 |a Σ  |b 107444 
909 |a Λ  |b 118381 
909 |a Χ  |b 112748 
909 |a Χ  |b 112748 
922 |a 3ΕΛΗ  |b 200406  |c ΕΠΕΑΕΚ/ΤΜΠΕΣ  |d LEADER 
922 |a 1ΕΛΗ  |b 200504  |c ΤΑΚ/ΚΥΒ  |d ΕΙΡΜΟΣ 
922 |a 2ΕΛΗ  |b 200410  |c ΚΕΝΤΡΙΚΗ ΒΙΒΛΙΟΘΗΚΗ  |d ΠΥΞΙΔΑ 
922 |a 2ΕΛΗ  |b 200410  |c ΚΕΝΤΡΙΚΗ ΒΙΒΛΙΟΘΗΚΗ  |d ΠΥΞΙΔΑ 
970 |a ΚΟΣΙΕΡΗΣ  |b ΧΡΗΣΤΟΣ  |z 2004/08/23